000 00426nam a22001577a 4500
003 OSt
005 20211105094417.0
008 211105b |||||||| |||| 00| 0 eng d
020 _a1-886106-19-3
040 _cHawassa University
050 _a634.99/AGR
_b1
082 _a634.99/AGR
_b1
245 _aAgroforestry systems for sustainable land use
260 _aNew Delhi
_bScience Publishers
_c1995
942 _2ddc
_cBOOKS
_n0
999 _c16873
_d16873